01492nam a2200205 a 4500008004100000020001800041092002000059100002700079245008700106250001100193260003000204300002100234500011900255505056500374590005900939655002800998942001301026999001501039952023201054161226t2011 ag |||g |||| 000 0 spa d a9789876042468 c808.88l26sFON1 aFonseca, Ricardo93289 aQuequén, la culebra dinosaurica y otros relatos patagónicos /cRicardo Fonseca a1a ed. aNeuquén:bEDUCO;c2011. a154 p.b23x16 cm aFonseca, R. (2011). Quequén, la culebra dinosaurica y otros relatos patagónicos. (1a ed.). Neuquén : EDUCO. aSin la imaginación, la realidad terminaría donde empieza. Y el vivir no rebasaría lo rutinario de la mera animalidad. La literatura es "sin duda la actividad que más justifica la materialidad de lo imaginario, en tanto se la lea (o se la escriba) con el deseo de violentar lo oscuro, de poseer un secreto, de transformar lo inerte". (Georges JEan). Amparado en dicha premisa, el autor de estos cuentos, relatos y divertimentos, aspira a que sus posibles lectores/as sientan o compartan el mismo entusiasmo y la misma alegría con que fueron escritos.  aProyecto 4to libro. Donación EDUCO, Septiembre 2017. aCuentos y Relatos93290 2ddccLIT c2458d2458 00102ddc4070aBFMbBFMcCRd2017-09-19eProyecto 4to libro. Donación EDUCO, Septiembre 2017.l2m3o808.8 26 FONp3918r2019-04-24s2019-03-19tEj. 1w2017-09-19yLITzProyecto 4to libro. Donación EDUCO, Septiembre 2017.